00282nam a2200109Ia 4500008004100000020001500041082001800056100001900074245003100093260003500124300001300159161229s9999 xx 000 0 und d a0684864673 a658. 8 DAY/MA aDay, George S  aMarket driven organization bThe free pressaNew Yorkc1999 axii, 285